| 000 | 01164nmc a2200385 a 4500 | ||
|---|---|---|---|
| 003 | AR-BaBNM | ||
| 005 | 20251128203947.0 | ||
| 008 | 011101s1988 ||||||||||||||000 | spa|| | ||
| 020 | _a84-7509-187-3 | ||
| 040 | _cAR-BaBNM | ||
| 100 | 1 | _aMosston, Muska | |
| 245 | 1 | 0 | _aLa enseñanza de la educación física |
| 250 | _a2ª ed. | ||
| 260 |
_aBarcelona _bPaidós _c1988 |
||
| 300 |
_a246 p. _bgráfs., tablas, il. |
||
| 490 | 0 |
_aBiblioteca de educación física. Fundamentos _vv. 31 |
|
| 504 | _aContiene bibliografía p. 243-246 | ||
| 650 | 4 | _aEDUCACION FISICA | |
| 650 | 4 | _aFORMACION DE DOCENTES | |
| 650 | 4 | _aFILOSOFIA DE LA EDUCACION | |
| 650 | 4 | _aDEPORTE | |
| 650 | 4 | _aPSICOLOGIA DE LA EDUCACION | |
| 650 | 4 | _aPSICOLOGIA APLICADA | |
| 650 | 4 | _aDINAMICA DE GRUPO | |
| 650 | 4 | _aGRUPOS DE JUEGO | |
| 653 | _aEDUCACION SECUNDARIA | ||
| 653 | _aEDUCACION PARA LA SALUD | ||
| 700 | 1 |
_aLederman, Selwyn _eprologuista |
|
| 700 | 1 |
_aCratty, Bryant J. _eprologuista |
|
| 700 | 1 |
_aPenhos, José _etraductor |
|
| 700 | 1 |
_aRomero Brest, Enrique C. _erevisión |
|
| 800 | 1 |
_aRomero Brest, Enrique C. _edirector |
|
| 942 | _cBK | ||
| 998 | _cHector | ||
| 999 |
_c5620 _d5620 |
||